UBT Library

Managerial economics and organizational architecture / (Record no. 1311)

000 -LEADER
fixed length control field 00677nam a22002297a 4500
008 - FIXED-LENGTH DATA ELEMENTS--GENERAL INFORMATION
fixed length control field 151016b xxu||||| |||| 00| 0 eng d
020 ## - INTERNATIONAL STANDARD BOOK NUMBER
International Standard Book Number 9780073523019
020 ## - INTERNATIONAL STANDARD BOOK NUMBER
International Standard Book Number 0073523011
041 0# - LANGUAGE CODE
Language code of text/sound track or separate title eng
080 ## - UNIVERSAL DECIMAL CLASSIFICATION NUMBER
Universal Decimal Classification number 658
100 1# - Rafti
Rafti Brickley, James A.
245 10 - TITLE STATEMENT
Title Managerial economics and organizational architecture /
Statement of responsibility, etc James A. Brickley, Clifford W. Smith, Jr., Jerold L. Zimmerman.
250 ## -
-- 4th ed.
260 ## -
-- Boston :
-- McGraw-Hill Irwin,
-- 2007.
300 ## -
-- xxii, 730 f. :
-- me il.;
-- 27 cm.
650 #0 -
-- Ekonomiks
650 #0 -
-- Menaxherial
650 #0 -
-- Efektivitet
700 1# -
-- Smith, Clifford W.
700 1# -
-- Zimmerman, Jerold L.,
942 ## - ADDED ENTRY ELEMENTS (KOHA)
Source of classification or shelving scheme
Item type Books
Holdings
Withdrawn status Lost status Source of classification or shelving scheme Damaged status Not for loan Collection code Permanent location Current location Shelving location Date acquired Total Checkouts Full call number Barcode Date last seen Price effective from Koha item type
          Koleksioni i përgjithshem UBT - Lipjan UBT - Lipjan Koleksioni i përgjithshem 10/20/2017   338 SMI 002-2934003 10/20/2017 10/20/2017 Books
UBT Library © 2015-2024. All rights reserved University Education for Business and Technology